000 00687nam a2200229Ia 4500
003 OSt
005 20220918185032.0
006 a|||||r|||| 00| 0
007 ta
008 220917b |||||||| |||| 00| 0 eng d
024 _a49,274
037 _cTextual
040 _aARTS
_cARTS
_beng
041 _2eng
_aeng
082 _aP.123, J7 (PD)
100 _apike Kenneth L
_921313
245 0 _aTone language
_b atechinique for determining teh number and type of pitch contrasts in a language with studies in tonemic subtitution and fusion
260 _c1957
650 _aLINGUISTICS
942 _hP.123, J7 (PD)
_cTEXL
_2CC
999 _c178898
_d178898